Statistics for Countries Closest to the Persian Gulf by first two letters

Click here to take the quiz!

General Stats

  • This quiz has been taken 108 times
  • The average score is 18 of 22

Answer Stats

kmcountrymiles% Correct
0Iran0
99%
0Iraq0
99%
0Saudi Arabia0
96%
0Oman0
94%
0Kuwait0
92%
1198Israel745
89%
440Pakistan273
89%
1193Palestine741
89%
843Turkey524
88%
1036Turkmenistan644
88%
551Yemen343
88%
0Qatar0
86%
846Syria526
86%
0Bahrain0
85%
1128India701
85%
0United Arab Emirates0
82%
502Afghanistan312
81%
863Jordan536
79%
1181Lebanon734
72%
968Armenia601
64%
890Azerbaijan553
61%
1207Russia750
43%

Score Distribution

Percentile by Number Answered

Percent of People with Each Score

Your Score History

You have not taken this quiz